15 Most Populous Countries that Speak a Germanic Language - Statistics

General Stats
  • This quiz has been taken 82,342 times
  • The average score is 12 of 15
Answer Stats
Population Country % Correct
84.1 m Germany
99%
351 m United States
92%
70.1 m United Kingdom
90%
9.11 m Austria
89%
18.5 m Netherlands
86%
8.96 m Switzerland
85%
11.8 m Belgium
81%
6.11 m Denmark
81%
10.7 m Sweden
81%
5.62 m Norway
80%
40.1 m Canada
78%
26.9 m Australia
71%
5.30 m Ireland
65%
5.26 m New Zealand
62%
2.84 m Jamaica
20%
No matching quizzes found
Score Distribution
Percent of People with Each Score
Percentile by Number Answered
Your Score History
You have not taken this quiz